000 00455nam a2200157Ia 4500
003 GCL
008 140319s9999 xx 000 0 ara d
040 _aGCL /
_cGCL
082 0 4 _a813.02
_bم م
100 1 _aمجدى صابر
245 1 0 _aصياد اللؤلؤ والخاتم الثمين /
_cمجدى صابر
490 _aمكتبة العصفور الصغير
_v0
650 0 4 _aالاطفال
650 0 4 _aقصص الاطفال
942 _2ddc
_cBK
999 _c51683
_d51683